| 000 | 00744nam a2200265 a 4500 | ||
|---|---|---|---|
| 003 | AR-BaBNM | ||
| 005 | 20251128205422.0 | ||
| 008 | 082120s2002 ||||||||||||||000 | spa|| | ||
| 020 | _a92-3-302825-9 | ||
| 040 | _cAR-BaBNM | ||
| 245 | 0 | 0 |
_aUna iconografía del alma _bpoesía ucraniana del siglo XX |
| 260 |
_aMálaga _bUnesco _bLitoral _c1993 |
||
| 300 |
_a231 p. _bil. |
||
| 490 | 0 | _aUnesco de obras representativas. Europea | |
| 500 | _aContiene referencias bibliográficas en p. 231 | ||
| 650 | 4 | _aANTOLOGIAS | |
| 650 | 4 | _aPOESIA | |
| 650 | 4 | _aESCRITORES | |
| 650 | 4 | _aLITERATURA CONTEMPORANEA | |
| 653 | _aLITERATURA UCRANIANA | ||
| 655 | _aLITERATURA | ||
| 700 | 1 |
_aLech, Iury _etraductor |
|
| 942 | _cBK | ||
| 998 | _cMARTIN | ||
| 999 |
_c11366 _d11366 |
||